000
00244nam a2200097Ia 4500
001
734361
005
20250826163832.0
008
250824s9999 xx 000 0 und d
245
0
_a
ALLAH A BIRAK OLMUŞ BİL
_c
BİLAL CİVELEK
260
_b
YEDİVEREN
999
_c
734361
_d
734361